LEADER 00897nam a2200241 u 4500 001 000000037822 003 CaOOAMICUS 005 20070226113816.0 008 980417s1815 it u000 u ita u 035 $a10790746 040 $aPUL(R)$bita 110 1 $aAustria.$0(OLS)http://pul/name/6387 240 10$aLeggi, ecc.$9(Austria).$0(OLS)http://pul/title/9204 245 10$aCodice civile universale austriaco. 250 $aEd. uffiziale. 260 $aVenezia :$bPinelli ed Andreolla,$c1815. 300 $a376, 56 p. ;$c25 cm 850 $aPUL 852 $aPUL$W1$xDP1 Antico 800$y27$m171 D 18$j51650$nBK-PRI$b $qStampati Antico$B51650$CPULBib$Z2$F51650 $H $81 941 1 $a15 961 $aINV: 5016 996 $6245$aCodice civile universale austriaco$9(OLS)http://pul/title/51422 996 $6260$aVenezia :$bPinelli ed Andreolla$9(OLS)http://pul/publisher/63474 LEADER 01217nam a2200277 u 4500 001 000000064811 003 CaOOAMICUS 005 20070226121410.0 008 011126s1859 nju u000 u eng u 035 $a10911359 040 $aPUL(R)$bita 100 1 $aCharnock, Stephen,$d1628-1680.$0(OLS)http://pul/name/43760 245 10$aDiscourses upon the existence and attributes of God /$cby Stephen Charnock ; with his life and character by William Symington. 260 $aNew York :$bCaracter & Brother,$c1859. 300 $a2 v. ;$c23 cm 500 $a"In two volumes". 504 $aNote bibliografiche. 650 4$aDio$xAttributi.$0(OLS)http://pul/subject/13199 650 4$aDio$xEsistenza.$0(OLS)http://pul/subject/5003 700 1 $aSymington, William.$0(OLS)http://pul/name/43761 850 $aPUL 852 $aPUL$W1$xDP1 Antico 800$y27$m88 H 26$j83967$nBK-PRI$b $qStampati Antico$B83967$CPULBib$Z2$F83967 $H $81 941 1 $a15 961 $aINV: Copia mutila dell'antiporta con ritratto. 996 $6245$aDiscourses upon the existence and attributes of God$9(OLS)http://pul/title/86316 996 $6260$aNew York :$bCaracter & Brother$9(OLS)http://pul/publisher/71003